| 000 | 00823nam a22002057a 4500 | ||
|---|---|---|---|
| 999 |
_c12274 _d12274 |
||
| 003 | AR-CdUCM | ||
| 008 | 190401b ||||| |||| 00| 0 spa d | ||
| 040 |
_aMUNICIPALIDAD PROVINCIAL DEL CUSCO _cBIBLIOTECA MUNICIPAL DEL CUSCO |
||
| 082 |
_aES / 373.700 / _bV66 _217ed. |
||
| 100 |
_aVillacorta Paredes, Juan _927655 |
||
| 245 |
_aEducación por el Arte : _bArtes plásticas, arte peruano, arte rupestre, precolombino, colonial y arte popular, para el cuarto año de educación secundaria / |
||
| 260 |
_aLima : _bStudium, _c1969. |
||
| 300 |
_a104 páginas ; _bimágenes. _c24 cm. |
||
| 505 | _aContenido: Arte peruano -- Arte rupestre -- Arte popular ... | ||
| 650 |
_aArte. _9561 |
||
| 650 |
_aArtes plásticas. _927656 |
||
| 650 |
_aCorrientes artísticas. _929559 |
||
| 942 |
_2ddc _cLIBROS |
||
| 945 |
_arum _d2019-04-08 |
||